LEADER 00925nam0-22003131i-450- 001 990001101790403321 035 $a000110179 035 $aFED01000110179 035 $a(Aleph)000110179FED01 035 $a000110179 100 $a20000920d1968----km-y0itay50------ba 101 0 $aeng 200 1 $aArrays of Cylindrical Dipoles$fRonold W.P. King, Richard B. Mack, Sheldon S. Sandler 210 $aCambridge$cCambridge University Press$d1968 610 0 $aElettricità 610 0 $aMagnetismo 610 0 $aCampi elettromagnetici 676 $a537$a538 700 1$aKing,$bRonold Wyeth Percival$f<1905-2006 >$0297372 702 1$aMack,$bRichard Bruce 702 1$aSandler,$bSheldon Samuel 801 0$aIT$bUNINA$gRICA$2UNIMARC 901 $aBK 912 $a990001101790403321 952 $a29-157$b17516$fFI1 959 $aFI1 996 $aArrays of Cylindrical Dipoles$9338066 997 $aUNINA DB $aING01 LEADER 01464nam2-2200433li-450 001 990000100190203316 005 20180312154758.0 035 $a0010019 035 $aUSA010010019 035 $a(ALEPH)000010019USA01 035 $a0010019 100 $a20001109d1975----km-y0itay0103----ba 101 0 $afre 102 $aFR 200 1 $aApplications de la thermodynamiquedu non-équilibre$ebases d'énergetique pratique$fPierre Chartier, Maurice Gross, K.S. Spiegler$gavant-propos par P. Glansdorff et I. Prigogine 210 $aParis$cHermann$d1975 215 $a191 p.$cill.$d24 cm 225 2 $aActualités scientifiques et industrielles$v1363 410 0$10010010020$12001$aActualités scientifiques et industrielles 610 1 $atermodinamica 676 $a5367$9. 700 1$aChartier,$bPierre$0223882 702 1$aGlansdorff,P 702 1$aGross,$bMaurice 702 1$aPrigogine I. 702 1$aSpiegler,$bK. S. 801 $aSistema bibliotecario di Ateneo dell' Università di Salerno$gRICA 900 1$aPrigogine$bIlya 912 $a990000100190203316 951 $a500 ASI (1363)$b0003401$c500$d00107512 959 $aBK 969 $aSCI 979 $c19900611 979 $c20001110$lUSA01$h1710 979 $aALANDI$b90$c20010510$lUSA01$h1003 979 $c20020403$lUSA01$h1617 979 $aPATRY$b90$c20040406$lUSA01$h1608 996 $aApplications de la thermodynamiquedu non-équilibre$91487614 997 $aUNISA LEADER 02385oam 2200649 450 001 9910704238603321 005 20160203112439.0 035 $a(CKB)5470000002439290 035 $a(OCoLC)760318445 035 $a(EXLCZ)995470000002439290 100 $a20111111j198110 ua 0 101 0 $aeng 135 $aurbn||||a|a|| 181 $ctxt$2rdacontent 182 $cc$2rdamedia 183 $acr$2rdacarrier 200 10$aPacific Basin communications study /$fprepared by the Public Service Satellite Consortium ; for the National Aeronautics & Space Administration and the National Telecommunications & Information Administration, U.S. Department of Commerce ; ELizabeth L. Young, principal investigator ; Jane N. Hurd, project coordinator 210 1$aWashington, D.C. :$cPublic Service Satellite Consortium,$dOctober, 1981. 215 $a1 online resource (2 volumes) $cillustrations, maps 225 1 $aNASA-CR ;$v173173, 173174 300 $aTitle from title screen (viewed Oct. 27, 2015). 300 $a"October, 1981." 320 $aIncludes bibliographical references. 606 $aDeveloping nations$2nasat 606 $aIslands$2nasat 606 $aPacific Ocean$2nasat 606 $aTelecommunication$2nasat 606 $aUser requirements$2nasat 606 $aData acquisition$2nasat 606 $aTechnology utilization$2nasat 606 $aArtificial satellites in telecommunication$2fast 606 $aTelecommunication$2fast 607 $aOceania$2fast 615 7$aDeveloping nations. 615 7$aIslands. 615 7$aPacific Ocean. 615 7$aTelecommunication. 615 7$aUser requirements. 615 7$aData acquisition. 615 7$aTechnology utilization. 615 7$aArtificial satellites in telecommunication. 615 7$aTelecommunication. 700 $aYoung$b Elizabeth L.$01402803 702 $aHurd$b Jane N. 712 02$aPublic Service Satellite Consortium, 712 02$aUnited States.$bNational Aeronautics and Space Administration, 712 02$aUnited States.$bNational Telecommunications and Information Administration. 801 0$bOCLCE 801 1$bOCLCE 801 2$bOCLCQ 801 2$bOCLCF 801 2$bOCLCO 801 2$bGPO 906 $aBOOK 912 $a9910704238603321 996 $aPacific Basin communications study$93474104 997 $aUNINA